000 00745nam a2200253Ia 4500
003 OSt
005 20220918223328.0
006 a|||||r|||| 00| 0
007 ta
008 220917b |||||||| |||| 00| 0 eng d
024 _a221,959
037 _cTextual
040 _aARTS
_cARTS
_beng
041 _2eng
_aeng
082 _aV1(Q7):2.N9, P5
100 _aHefner Robert W. Ed.
_9145497
245 0 _aRemaking muslim politics
_b Pluralism, contestation, democatization
260 _aPrinceton
_bPrinceton Univ. press
_c2005
300 _axii, 358p
_ccm.
490 _aPrinceton studies in muslim politics
650 _aHISTORY
942 _hV1(Q7):2.N9, P5
_cTEXL
_2CC
999 _c278153
_d278153